| 000 | 00733nam a2200181 a 4500 | ||
|---|---|---|---|
| 008 | 080402s1998 ||||||||||||||||| || u | ||
| 050 | _aIBRD-IFC(08)DP/33 | ||
| 100 | _aBrunetti, Aymo | ||
| 245 | 1 | 0 | _aHow business see government: responses from private sector surveys in 69 countries |
| 260 |
_aWashington, D.C. _bWorld Bank _c1998 |
||
| 350 | _a0.00 | ||
| 490 | _aInternational Finance Corporation Discussion Papers | ||
| 650 | _aTRADE REGULATION | ||
| 650 | _aBUSINESS ENTERPRISES--GOVERNMENT POLICY | ||
| 700 | _aWeder, Beatrice | ||
| 700 | _aKisunko, Gregory | ||
| 995 |
_D0.00 _FCBU-MAIN LIBRARY (Kitwe) _H1 _I0.00 _M1 _UAVAILABLE _WApr 2, 2008 _ZInternational Publications |
||
| 999 |
_c45753 _d45753 |
||